[Event "Skalica op"]
[Site "Skalica"]
[Date "2020.01.11"]
[Round "9"]
[White "Kapolka, Juraj"]
[Black "Sefcik, Oliver"]
[Result "1-0"]
[WhiteElo "1802"]
[BlackElo "1173"]
[PlyCount "73"]
[EventDate "2020.01.11"]
[EventType "swiss"]
[EventRounds "9"]
[EventCountry "SVK"]
[SourceTitle "CBM 194 Extra"]
[Source "ChessBase"]
[SourceDate "2020.03.31"]
[SourceVersion "1"]
[SourceVersionDate "2020.03.31"]
[SourceQuality "1"]

1. e4 e6 2. f4 d5 3. e5 c5 4. d4 Nc6 5. Bb5 Bd7 6. Bxc6 Bxc6 7. Nf3 Nh6 8. h3 Be7 9. 0-0 Qb6 10. Kh2 Nf5 11. c3 h5 12. Qb3 Qxb3 13. axb3 g6 14. Na3 0-0 15. Nc2 Rac8 16. g4 hxg4 17. hxg4 Ng7 18. Kg3 cxd4 19. Ncxd4 Bd7 20. Rh1 Ne8 21. Rh2 Nc7 22. Be3 Kg7 23. f5 Rh8 24. f6+ Bxf6 25. exf6+ Kxf6 26. g5+ Kg7 27. Rxh8 Rxh8 28. Ne5 Bc8 29. Rf1 Rf8 30. Bf4 Ne8 31. Ng4 Rh8 32. Be5+ f6 33. gxf6+ Kf7 34. Nf3 Rh5 35. Rf2 Rf5 36. Rh2 a6 37. Nh6+ 1-0

[Event "SVK-chT3B2 1920"]
[Site "Slovakia"]
[Date "2019.11.24"]
[Round "4.5"]
[White "Sunal, Jan"]
[Black "Kapolka, Juraj"]
[Result "1/2-1/2"]
[WhiteElo "1721"]
[BlackElo "1802"]
[PlyCount "55"]
[EventDate "2019.10.06"]
[EventType "team-tourn"]
[EventRounds "11"]
[EventCountry "SVK"]
[SourceTitle "CBM 193 Extra"]
[Source "ChessBase"]
[SourceDate "2020.01.31"]
[SourceVersion "1"]
[SourceVersionDate "2020.01.31"]
[SourceQuality "1"]
[WhiteTeam "Bojnice"]
[BlackTeam "Nemsova Horne Srnie"]
[WhiteTeamCountry "SVK"]
[BlackTeamCountry "SVK"]

1. e4 e5 2. Nf3 Nc6 3. Bb5 Nge7 4. d4 exd4 5. Nxd4 Nxd4 6. Qxd4 a6 7. Ba4 Ng6 8. 0-0 c5 9. Qd5 Be7 10. c4 0-0 11. Be3 d6 12. Bb3 a5 13. Nc3 Qb6 14. f4 Bd7 15. Rab1 Rfe8 16. Ba4 Bc6 17. Qd2 Bxa4 18. Nxa4 Qc6 19. Nc3 b6 20. Nd5 Ra7 21. b3 h6 22. Qd3 Bd8 23. Rbe1 Ne7 24. Bd2 Nxd5 25. exd5 Qd7 26. Qg3 Bf6 27. f5 Rxe1 28. Bxe1 1/2-1/2